O troch veľrybách a všeličom inom kniha o hudbe pre mládež

Bibliographic Details
Main Author: Kabalevskij, Dmitrij Borisovič, 1904-1987 (Author)
Format: Book
Language:Undetermined
PhysicalDescription:131 s.
Published: Bratislava Opus 1976

MARC

LEADER 00000nam a2200000 a 4500
001 vtls001338127
003 SK-MaSNL
005 20260301114524.0
008 240314s1976 xx 0 und
035 |a SNK000291155 
040 |a SNK  |b slo  |c SNK  |e AACR2 
100 1 |a Kabalevskij, Dmitrij Borisovič,  |d 1904-1987  |4 aut  |9 49648 
245 1 0 |a O troch veľrybách a všeličom inom  |b kniha o hudbe pre mládež 
260 |a Bratislava  |b Opus  |c 1976 
300 |a 131 s. 
958 |a OND 
999 |c 718753  |d 720683 
952 |a SNK  |b SNK  |y PREZ  |7 0  |p 17A0924964  |o snkSB 23232   |i snkKSP 1655/76  |0 0  |1 0  |4 0  |d 2012-07-25  |l 0  |r 2025-03-26 00:00:00  |w 2026-02-23 
952 |t P60, <04>, [BOOK], {604}  |a SNK  |b SNK  |y VYP  |7 0  |p 17A0151922  |o snkSB 23232 D1  |0 0  |1 0  |4 0  |d 1998-07-27  |l 0  |r 2005-01-02 00:00:00  |w 2026-02-23 
952 |a SNK  |b SNK  |y PREZ  |7 0  |p 17A1022719  |o snkSB 23232/príl.  |i snkKSP 1655/76  |3 Príloha: 11 voľ. listov  |z Príloha: 11 voľ. listov  |0 0  |1 0  |4 0  |d 2013-06-20  |l 0  |r 2025-03-26 00:00:00  |w 2026-02-23